| 000 | 00876nam a2200253 i 4500 | ||
|---|---|---|---|
| 003 | DO-SdBNP | ||
| 005 | 20250710134204.0 | ||
| 007 | ta | ||
| 008 | 250710b2025 dr a|||| |||| 00| 0 spa d | ||
| 040 |
_aDO-SdBNP _bspa _cBNPHU _erda |
||
| 041 | _aspa | ||
| 082 | 4 |
_axxx _bA481a _222 |
|
| 100 | 1 |
_aAmador Pérez, Darío _eautor _4aut _988313 |
|
| 245 | 1 | 0 |
_aLa abuela Cándida y los muchachos el caracha / _cDarío Amador Pérez. |
| 250 | _aPrimera edición | ||
| 264 |
_a[Lugar de publicación no identificado] : _b[editor no identificado] ; _c[2025]. |
||
| 300 |
_a65 páginas _c22 cm. |
||
| 336 |
_atexto _btxt _2rdacontent |
||
| 337 |
_asin mediación _bn _2rdamedia |
||
| 338 |
_avolumen _bnc _2rdacarrier |
||
| 500 | _aLa Socialización, el respeto como ente de educación; y resultados de las redes sociales en la población joven. | ||
| 910 | _aLP | ||
| 942 |
_2ddc _cLBS1 |
||
| 999 |
_c59491 _d59491 |
||